[Event "CHN-ch sf"]
[Site "Hefei"]
[Date "2023.04.28"]
[Round "11"]
[White "Li, Yucheng Robinson"]
[Black "Ruan, Zhicheng"]
[Result "0-1"]
[WhiteElo "1414"]
[BlackElo "1845"]
[PlyCount "46"]
[EventDate "2023.04.23"]
[EventType "swiss"]
[EventRounds "11"]
[EventCountry "CHN"]
[SourceTitle "CBM 214 Extra"]
[Source "ChessBase"]
[SourceDate "2023.07.31"]
[SourceVersion "1"]
[SourceVersionDate "2023.07.31"]
[SourceQuality "1"]

1. e4 e5 2. d4 exd4 3. Qxd4 Nc6 4. Qe3 d6 5. Bd2 Be7 6. c4 Bf6 7. Nc3 Nge7 8. f4 0-0 9. Nge2 Re8 10. Qf2 Nb4 11. Kd1 Nd3 12. Qf3 Nxb2+ 13. Kc1 Nxc4 14. g4 Nxd2 15. Kxd2 c6 16. h4 b5 17. g5 Bxc3+ 18. Nxc3 d5 19. exd5 Nxd5 20. Nxd5 Be6 21. Rg1 Bxd5 22. Qc3 Qd6 23. f5 Qf4+ 0-1

[Event "CHN-chT"]
[Site "Hangzhou"]
[Date "2018.06.20"]
[Round "3.4"]
[White "Ruan, Zhicheng"]
[Black "Zhao, Chenxi"]
[Result "0-1"]
[WhiteElo "1839"]
[BlackElo "2287"]
[PlyCount "102"]
[EventDate "2018.06.19"]
[EventType "team-swiss"]
[EventRounds "9"]
[EventCountry "CHN"]
[SourceTitle "CBM 185 Extra"]
[Source "ChessBase"]
[SourceDate "2018.07.29"]
[SourceVersion "1"]
[SourceVersionDate "2018.07.29"]
[SourceQuality "1"]
[WhiteTeam "Qingdao"]
[BlackTeam "Guangdong"]
[WhiteTeamCountry "CHN"]
[BlackTeamCountry "CHN"]

1. d4 Nf6 2. c4 e6 3. Nc3 Bb4 4. Qc2 d5 5. a3 Bxc3+ 6. Qxc3 0-0 7. Nf3 Nbd7 8. Bg5 h6 9. Bxf6 Nxf6 10. e3 b6 11. Nd2 dxc4 12. Bxc4 Bb7 13. f3 Qd7 14. 0-0 Rfd8 15. Rfd1 Rac8 16. Nf1 c5 17. Qb3 Qc7 18. dxc5 Qxc5 19. Rxd8+ Rxd8 20. Qb5 Qc7 21. Bb3 Nd7 22. Qe2 Nc5 23. Bc4 Qe5 24. Rc1 Na4 25. b3 Nc5 26. Qc2 Rc8 27. b4 Nd7 28. Qd2 Nf6 29. Bd3 Rxc1 30. Qxc1 g5 31. Qc4 Qb2 32. a4 Bd5 33. Qc7 Qxb4 34. Qxa7 g4 35. fxg4 Qxg4 36. Qb8+ Kg7 37. Qg3 Qxg3 38. hxg3 Bb3 39. Bb5 Ne4 40. Bc6 Nc3 41. Nd2 Bxa4 42. Bf3 Kf6 43. Kf2 Ke5 44. Ke1 b5 45. Nf1 Ne4 46. Nh2 f5 47. Bxe4 Kxe4 48. Kd2 b4 49. Nf3 b3 50. Kc3 Kxe3 51. Nd2 Kf2 0-1